00621 2200217 4500001002100000005001500021035002000036007000300056008004100059020002200100082000800122084001400130100002000144245010300164260003500267300001600302650002400318856002100342700002400363990001600387INLIS00000000000814220260205105821 a0010-0126000139ta260205 0 ind  a978-602-70569-1-6 a658 a658 AND p0 aAndri Feriyanto1 aPengantar Manajemen ( 3 IN 1 ) :bUntuk Mahasiswa Dan Umum /cAndri Feriyanto, Endang Shyta Triana aYogyakarta :bMEDIATERA,c2024 a182 ;c23cm 4aPengantar Manajemen aALUMNI MANAJEMEN0 aEndang Shyta Triana a00000013735